| 000 | 01050nam a2200289 4500 | ||
|---|---|---|---|
| 999 |
_c8446 _d8446 |
||
| 001 | 22080 | ||
| 003 | BD-DhUAP | ||
| 005 | 20240403102841.0 | ||
| 008 | 090213s2009 nyua b 001 0 eng | ||
| 020 | _a9780521760126 (hbk. : alk. paper) | ||
| 020 | _a0521760127 (hbk. : alk. paper) | ||
| 020 | _a9780521756846 (pbk. : alk. paper) | ||
| 020 | _a0521756847 (pbk. : alk. paper) | ||
| 040 |
_aDLC _cBD-DhUAP _dBD-DhUAP _dBD-DhUAP _bEng |
||
| 082 | 0 | 0 |
_a418.00711 CAM _222 |
| 245 | 0 | 4 |
_aThe Cambridge guide to second language teacher education / _cedited by Anne Burns, Jack C. Richards. |
| 246 | 3 | 0 | _aSecond language teacher education |
| 260 |
_aNew York : _bCambridge University Press, _c2009. |
||
| 300 |
_avii, 325 p. : _bill. ; _c26 cm. |
||
| 504 | _aIncludes bibliographical references and index. | ||
| 650 | 0 |
_aLanguage teachers _xTraining of. |
|
| 650 | 0 |
_aLanguage and languages _xStudy and teaching. |
|
| 650 | 0 | _aSecond language acquisition. | |
| 700 | 1 |
_aBurns, Anne, _d1945- |
|
| 700 | 1 |
_aRichards, Jack C., _d1943- |
|
| 942 |
_2ddc _cBK |
||